| 000 | 01123 a2200169 4500 | ||
|---|---|---|---|
| 003 | NUST | ||
| 005 | 20221202141407.0 | ||
| 040 | _cNust | ||
| 082 | _a537,MOR | ||
| 100 |
_aMorley, Arthur _939734 |
||
| 245 |
_aPrinciples of Electricity : _cArthur Morley / _bbased on the rationalizes M.K.S.system of units |
||
| 260 |
_aLondon _bLongmans _c1960 |
||
| 300 | _a364 p.: | ||
| 505 | _aFundamental of Mechanical Unit (Page-1), Electronic Current (Page-9), Electric Circuit (Page- 20), Electric Circuit continued (Page-34), Electromagnetism (Page-67), Electromagnetic Induction (Page-90), Magnetic Circuit (Page-103), Inductance in a D.C Circuit (Page-128), Electrostatics (Page-147), Alternating Voltage and Current (Page-175), Resistance and Inductance in An A.C Circuit (Page-190), Power in An A.C Circuit (Page-213), Capacitance in An A.C Circuit (Page-225), Armatures Winding of D C Machines (Page-246), Direct Current Generators (Page-266), Direct Current Motors (Page-280), Electrical Measurements (Page-302), Accumulators (Page-336). | ||
| 650 |
_aPrinciples of Electricity _9104023 |
||
| 942 |
_2ddc _cBK _k537,MOR |
||
| 999 |
_c184201 _d184201 |
||